000 00629nam a2200265Ia 4500
005 20260121161428.0
008 008 260114s9999 xx 000 0 eng d
020 _a9781315256351
037 _aEBOOK
040 _aCRL
040 _beng
040 _cCRL
041 _2eng
041 _aeng
084 _qCRL
100 _aEnvironment
_91044647
245 0 _aKay Anderson; Bruce Braun
260 _bTaylor and Francis
260 _c2008
650 _aHuman Geography
_91044648
856 _uhttp://www.taylorfrancis.com/books/9781315256351
942 _cEBOOK
999 _c1610731
_d1610731